Spoken and writen English

সংরক্ষণ করুন:
গ্রন্থ-পঞ্জীর বিবরন
বিন্যাস: গ্রন্থ
প্রকাশিত: 1985
ট্যাগগুলো: ট্যাগ যুক্ত করুন
কোনো ট্যাগ নেই, প্রথমজন হিসাবে ট্যাগ করুন!
Thư viện lưu trữ: Mạng thư viện Đại học Đà Nẵng
LEADER 00432nam a22001811a 4500
001 000037993
003 14288
005 20160412021210.0
008 160412s1985 000
082 |a 4A(07)1509 
245 |a Spoken and writen English  |c K. Halljday 
260 |c 1985 
OWN |a LNN 
999 |a From the UDN01 
TYP |a Monograph 
980 |a Mạng thư viện Đại học Đà Nẵng